[Event "DSOL 2022"]
[Site "Germany"]
[Date "2022.02.03"]
[Round "1.1"]
[White "Juelg, Gabriel"]
[Black "Weise, Martin"]
[Result "1/2-1/2"]
[WhiteElo "2092"]
[BlackElo "2068"]
[Annotator "TA"]
[PlyCount "138"]
[EventDate "2022.01.31"]
[EventType "team-tourn"]
[EventCountry "GER"]
[SourceTitle "playchess.com"]
[Source "ChessBase"]
[SourceQuality "1"]
[WhiteTeam "SK Ettlingen II"]
[BlackTeam "SC Fulda I"]

{[%evp 9,138,29,32,25,31,30,71,33,64,61,58,60,75,56,66,52,59,31,32,0,0,0,0,0,0,0,0,0,0,0,29,38,30,29,27,25,30,37,54,48,33,0,44,20,67,6,75,87,146,100,100,107,107,107,513,47,47,47,47,45,45,45,108,108,108,108,115,38,79,71,81,38,38,38,38,38,45,45,45,45,45,45,45,45,45,0,69,70,442,386,691,79,1015,980,683,660,2560,2235,5887,5647,29958,29960,12835,4586,4364,0,0,0,29971,29972,29974,29975,29973,0,0,0,0,0,0,0,0,0,0,0,0,0,0,0,0,0,0]} 1. d4 e6 2. c4 Bb4+ 3. Bd2 a5 4. g3 Nc6 5. e3 d6 6. Bg2 {A40: Unusual replies to 1 d4.} e5 7. Ne2 Nge7 (7... Bg4 $11) 8. O-O {White is better.} Bxd2 9. Qxd2 O-O 10. Nbc3 {[#]} Bg4 $146 ({Predecessor:} 10... exd4 11. exd4 Bf5 12. h3 h6 13. g4 Bc8 14. f4 f5 15. d5 Nb4 16. g5 hxg5 17. fxg5 {0-1 (34) Rasmussen,K (2435)-Kaid,A (2274) Germany 2013}) 11. h3 Bd7 12. Rfd1 Re8 13. dxe5 Nxe5 {[%cal Od7h3]} 14. c5 (14. Bxb7 Rb8 15. Bg2 Nxc4 $17) 14... Bxh3 15. cxd6 Bxg2 16. Kxg2 Nc4 {[%csl LRd2,LRd6]} 17. Qc2 Nxd6 18. Nb5 Nc6 19. Nf4 Nb4 20. Qxc7 Nxb5 21. Qc5 Qe7 22. Qxb5 Qe4+ 23. Kg1 Re5 24. Qd7 Re7 25. Qb5 g6 (25... Re5 $11 26. Qd7 Rb8) 26. a3 Re5 (26... Nc6 $11) 27. Qd7 (27. Qa4 $14 Nc6 28. Qxe4 Rxe4 29. Rac1) 27... Na6 (27... Nc6 $1 $11) 28. Rac1 Rae8 ({Better is} 28... Nc5 29. Qc7 Ne6 30. Nxe6 Rxe6) 29. Nd5 (29. Rd4 $142 $1 {[%cal Rd4e4]} Qf5 30. Qxb7) 29... Qf3 $16 30. Qxb7 {[%cal Od5e7] Ne7+! is the strong threat.} Rf5 {[#]} 31. Rd2 {Active counter play!} Ree5 $2 {[%mdl 8192]} 32. Qa8+ $2 ({Worse is} 32. Qxa6 Rxd5 33. Qc8+ Kg7 34. Qc3+ Rde5 $11) (32. Ne7+ $18 Rxe7 33. Qxe7 (33. Rc8+ Kg7 $11)) 32... Kg7 $14 {[%cal Of5h5] ( -> ...Rh5!)} 33. Qxa6 {[%cal Oe3e4]} Rxd5 34. Qe2 {And now Qxf3 would win.} Rxd2 35. Qxd2 {[%mdl 4096] Endgame KQR-KQR} Rh5 (35... Rd5 $1 $14 36. Qc3+ Kh6) 36. Qd4+ $16 Kh6 {[%csl Gh5][%cal Rf3h1]} 37. Qf4+ Qxf4 38. exf4 {KR-KR} (38. gxf4 $16 Kg7 39. a4) 38... Rd5 (38... Rb5 $14 {was preferrable.}) 39. Rc7 Kg7 40. Kg2 ({White should try} 40. Rb7 $16) 40... Rb5 $14 41. Ra7 h5 42. a4 Rxb2 43. Rxa5 Rb3 44. Rc5 Ra3 45. a5 Ra1 46. Rb5 Ra3 47. Rc5 Ra1 $1 48. Kf3 Ra3+ $2 {[%mdl 8192]} (48... Ra4 $14 49. Rb5 Kf8) 49. Ke4 $18 Ra2 $2 (49... f6 50. Kd4 Kh6) 50. Ke3 $2 (50. Kd5 $18 {is the precise move to win. Hoping for Kc6.} Rxf2 51. Kc6) 50... Ra3+ $2 {[%mdl 8192]} (50... Kh6 $16 51. Kd4 f6) 51. Kd4 Ra2 52. Kd5 {Threatens to win with Kc6.} Rxf2 53. Kc6 Rf3 54. a6 {[%cal Ba5a6,Ba6a7][%mdl 32]} Rxg3 55. a7 Ra3 56. Kb7 h4 {[#]} 57. Rc3 $2 Rxa7+ $11 58. Kxa7 {White threatens Rh3 and mate. KR-K3P} f6 $2 {[%mdl 8192]} (58... Kf6 $11) 59. Kb6 g5 60. fxg5 fxg5 {KR-KPP} 61. Rc6 $2 (61. Kc5 {mates} Kf6 62. Kd4 (62. Rf3+ Ke5 $11) 62... g4 63. Ke3 Ke6 64. Rc6+ Kf5 65. Rc5+ Kg6 66. Kf4) 61... h3 {The position is equal.} 62. Rc3 {Threatening mate with Kc5.} g4 {Strongly threatening ...h2.} 63. Rg3 Kh6 64. Rxg4 {KR-KP} Kh5 {Inhibits Rh4+.} 65. Rg8 {Kc5 would kill now.} Kh4 66. Kc5 h2 67. Kd4 {White wants to mate with Ke3.} Kh3 68. Rh8+ Kg2 69. Rxh2+ Kxh2 {Weighted Error Value: White=0.49/Black=0.71} 1/2-1/2

[Event "DSOL 2022"]
[Site "Germany"]
[Date "2022.02.03"]
[Round "1.1"]
[White "Hagner, Bennet"]
[Black "Lauer, Moritz"]
[Result "1-0"]
[WhiteElo "2085"]
[BlackElo "2397"]
[Annotator "TA"]
[PlyCount "153"]
[EventDate "2022.01.31"]
[EventType "team-tourn"]
[EventCountry "GER"]
[SourceTitle "playchess.com"]
[Source "ChessBase"]
[SourceQuality "1"]
[WhiteTeam "Frankfurter TV"]
[BlackTeam "SK Herzogenaurach I"]

{[%evp 14,153,31,16,39,31,58,44,61,46,218,236,299,280,325,232,323,247,240,137,132,141,135,139,144,133,147,127,141,116,134,129,145,134,229,222,227,221,215,196,191,170,225,219,253,203,240,213,225,227,215,226,199,168,170,168,222,221,200,215,226,161,156,189,229,193,165,168,260,172,211,208,250,235,247,254,268,259,250,249,243,237,340,320,311,285,277,103,124,110,151,85,826,563,1534,1267,2161,1906,1730,1550,29944,29946,29947,29948,12796,12796,12782,11868,11242,22,22,22,22,30,95,170,29960,29962,29962,29961,29960,29960,29962,29963,29961,29962,12789,599,29969,29970,29973,29974,29978,29978,29982,29983,29983,29984,29984,29985,29985,29986]} 1. e4 e5 2. Nf3 Nc6 3. Bb5 Nge7 4. O-O g6 5. c3 a6 6. Ba4 Bg7 7. d4 exd4 8. cxd4 b5 {C60: Ruy Lopez: Unusual Black 3rd moves and 3...g6.} 9. Bc2 d5 10. exd5 Nxd5 {White is slightly better.} 11. Bg5 {[#]} Bf6 $146 (11... Nde7 $14) ({Predecessor:} 11... Nde7 12. Nc3 h6 13. Bh4 g5 14. Bg3 Bg4 15. Re1 Nxd4 16. Be4 Rc8 17. Nxd4 Bxd1 {1-0 (35) Nepomniachtchi,I (2751)-Aronian,L (2789) Chess.com INT 2017}) 12. Bh6 $18 Bg4 {[%cal Oc6d4]} 13. Re1+ Nde7 {[%cal Rc6d4]} 14. Be4 Qd7 15. h3 Bf5 16. Bxf5 ({White should try} 16. a4 $18) 16... gxf5 $16 17. a4 $1 b4 18. Nbd2 Rg8 19. Nb3 Rg6 20. Bf4 $36 {[%mdl 2048] White is on the roll.} (20. Nc5 $6 Qd5 21. Be3 f4 $16) 20... Kf8 21. Qc2 Rd8 22. Rad1 {White is more active.} Qd5 {Hoping for ...Qxf3.} 23. Qd3 Qd7 (23... Nxd4 $16 {might work better.} 24. Nbxd4 c5) 24. Qxa6 $18 {[%cal Od4d5] d5! is the strong threat.} Nd5 {[#]} 25. Nc5 $1 Qc8 26. Qxc8 {Really sharp!} (26. Qxc6 Nxf4 27. Kh1 Nxg2 28. Ne6+ (28. Ng5 $2 Nxe1 29. Nge6+ fxe6 $19) 28... fxe6 $15) 26... Rxc8 27. Nd7+ Kg7 (27... Kg8 $142) 28. Bh2 f4 29. Re4 Ra8 30. Ra1 Rd8 31. Nde5 Bxe5 32. dxe5 (32. Nxe5 Nxe5 33. dxe5 (33. Rxe5 Rc6 $16) 33... f3) 32... f5 33. Rc4 Na5 34. Rc2 Rc6 (34... Kf7 $142 35. Rac1 c5) 35. Rxc6 Nxc6 36. Rc1 Nce7 37. Ng5 {And now Ne6+ would win.} Ra8 38. b3 Nc3 {aiming for ...Ne2+.} 39. Ne6+ ({Stronger than} 39. Bxf4 Ng6 40. Be3 (40. Ne6+ Kf7 $17) 40... Ne2+ 41. Kf1 Nxc1 42. Bxc1 Rc8 $11) 39... Kf7 40. Nxf4 Ng6 (40... c5 {was called for.} 41. e6+ Ke8) 41. Re1 Nxf4 42. Bxf4 {[%mdl 4096] Endgame Black must now prevent e6+. KRB-KRN} Ke6 43. Bd2 Ne4 44. Bxb4 Rb8 {[#]} 45. f3 $1 Rxb4 46. fxe4 fxe4 {KR-KR} 47. a5 {[%cal Ba4a5,Ba5a6,Ba6a7][%mdl 32]} Kxe5 (47... Rxb3 {was worth a try.} 48. Ra1 (48. Rxe4 Ra3 $16) 48... Kxe5) 48. a6 Rxb3 49. Ra1 {Inhibits Ra3.} Rb8 50. Kf2 $2 (50. Ra4 $18 {is more deadly.}) 50... Kd4 $16 51. a7 Ra8 52. Ke2 (52. g4 $142 $1 {[%cal Rg4g5]}) 52... Kc5 $2 {[%mdl 8192]} (52... c5 $16) 53. Ke3 Kb6 54. g4 {[%cal Bg2g4,Bg4g5][%mdl 32] Threatens to win with g5.} c5 55. g5 c4 56. Kxe4 {Strongly threatening Kd4.} Kb7 57. Kd4 Rd8+ 58. Kxc4 Ka8 59. Ra6 {Rh6 would kill now.} Rf8 60. Rh6 Rf7 61. Kd5 $2 ({Better is} 61. Kd4 $18 Rxa7 62. h4) 61... Rf5+ $11 62. Ke6 Rxg5 63. Kf6 (63. Rxh7 $6 Re5+ 64. Kf7 Rf5+ 65. Kg8 Rg5+ 66. Rg7 Rh5 $16) 63... Rg3 {[#]} (63... Rc5 $1 $11) 64. h4 $1 $16 (64. Rxh7 Rg6+ 65. Ke5 Re6+ 66. Kd4 Rd6+ 67. Ke3 Re6+ 68. Kf2 Rf6+ 69. Kg1 Rg6+ 70. Kh1 Rg1+ 71. Kh2 Rg2+ 72. Kh1 Rg1+ 73. Kh2 Rg2+ 74. Kh1 Rg1+ $11) 64... Kxa7 $2 (64... Ra3 $18 65. Rxh7 Rf3+ 66. Ke5 Re3+ 67. Kf6 Rf3+ 68. Kg7 Rg3+ 69. Kf7 Rf3+ 70. Ke7 Re3+ 71. Kf6 Rf3+) 65. Rxh7+ Kb6 66. Rd7 Kc6 67. Rd1 Rh3 68. Kg5 Rg3+ 69. Kh6 Rg4 {[#]} 70. h5 $1 {[%cal Bh4h5,Bh5h6,Bh6h7][%mdl 32] White threatens Rd8 and mate.} Kc7 {Prevents Rd8.} 71. Rd5 {White mates.} Rg1 72. Rg5 Rh1 73. Kg7 Kd6 74. h6 Ra1 75. h7 Ra7+ 76. Kh6 Ra8 77. Rg8 {Weighted Error Value: White=0.24 (precise) /Black=0.38} 1-0

[Event "DSOL 2022"]
[Site "Germany"]
[Date "2022.02.03"]
[Round "1.1"]
[White "Brychcy, Felix"]
[Black "Ehrig, Leon Chris"]
[Result "0-1"]
[WhiteElo "2063"]
[BlackElo "1890"]
[Annotator "TA"]
[PlyCount "68"]
[EventDate "2022.01.31"]
[EventType "team-tourn"]
[EventCountry "GER"]
[SourceTitle "playchess.com"]
[Source "ChessBase"]
[SourceQuality "1"]
[WhiteTeam "MSA Zugzwang"]
[BlackTeam "USG Chemnitz I"]

{[%evp 9,68,4,18,-31,31,0,4,-4,72,63,88,69,144,43,32,49,46,0,0,0,0,0,0,0,0,0,0,0,0,0,0,0,0,-133,-90,-123,-60,-480,-369,-597,-588,-1389,-1370,-1833,-1829,-1781,-1735,-1990,-2170,-3096,-2412,-2552,-3571,-3075,-3070,-1881,-683,-656,-663,-1029,-991]} 1. e4 {[%cal Be2e4,Be4e5][%mdl 32]} c5 {[%cal Bc7c5,Bc5d4][%mdl 32]} 2. d4 cxd4 3. c3 Nf6 4. e5 Nd5 5. Nf3 e6 6. c4 {B22: Sicilian: 2 c3.} (6. Bc4 $11 {might be stronger.}) 6... Nb6 (6... Nb4 $15) 7. Qxd4 Nc6 8. Qe3 {The position is equal.} Qc7 {[#]} (8... d5 $11 {keeps the balance.}) 9. a3 $146 ({Predecessor:} 9. Nc3 Nb4 10. Nd4 Qc5 11. Bd3 Nxd3+ 12. Qxd3 Qxe5+ 13. Be3 Be7 14. Ndb5 O-O 15. O-O {0-1 (27) Pardo,L-Setyaki,A Singapore 2008}) 9... Be7 10. Nc3 a6 {[#] Prevents Nb5.} ({Better is} 10... O-O $14) 11. c5 ({White should try} 11. b4 $1 $16) 11... Nd5 $14 12. Nxd5 exd5 13. b4 {Prevents Qa5.} (13. Bd3 $14) 13... a5 $1 $11 14. Rb1 axb4 15. axb4 Nxb4 16. Rxb4 {Strongly threatening Rb5.} Bxc5 17. Rd4 $1 Bxd4 18. Nxd4 Ra1 $1 19. Kd1 {Black must now prevent Nb5.} O-O 20. Bd3 d6 21. Nb5 (21. exd6 $1 $11 Qxd6 22. Nc2) 21... Qc6 $36 {[%mdl 2048] Black is on the roll.} (21... Qc5 $142 {...Bg4+ is the strong threat.} 22. Qxc5 dxc5) 22. Nxd6 $17 {[#]} d4 $1 {Dancing on a razor blade.} ({Reject} 22... Qa4+ $6 23. Bc2 Qg4+ 24. f3 Qxg2 25. Rg1 Qxh2 26. Rxg7+ (26. Qg5 g6 $17) 26... Kxg7 27. Qg5+ Kh8 28. Qf6+ Kg8 29. Qg5+ Kh8 30. Qf6+ Kg8 31. Qg5+ Kh8 $11) 23. Qd2 {[%mdl 8192] Loses the game.} (23. Qf4 $15) 23... Be6 {And now ...Rfa8 would win.} 24. f3 $2 (24. Be4 Qc5 25. Re1 (25. Qb2 $2 Ra2 $19)) 24... Rfa8 $19 {aiming for ...R8a2. Black is clearly winning.} 25. Ke2 R8a2 26. Qxa2 Rxa2+ 27. Bd2 Qd5 28. Nc4 b5 29. Rb1 g6 30. Nb2 Qxe5+ 31. Kf2 Bf5 {( -> ...Bxd3)} 32. Re1 Rxb2 33. Rxe5 {Hoping for Ke2.} Rxd2+ 34. Be2 d3 {Weighted Error Value: White=1.05/Black=0.35} 0-1

[Event "DSOL 2022"]
[Site "Germany"]
[Date "2022.02.03"]
[Round "1.1"]
[White "Braun, Ingram"]
[Black "Coenen, Norbert"]
[Result "0-1"]
[WhiteElo "2055"]
[BlackElo "2276"]
[Annotator "TA"]
[PlyCount "110"]
[EventDate "2022.01.31"]
[EventType "team-tourn"]
[EventCountry "GER"]
[SourceTitle "playchess.com"]
[Source "ChessBase"]
[SourceQuality "1"]
[WhiteTeam "ESV Rot-Weiß Göttingen I"]
[BlackTeam "Aachener SV"]

{[%evp 13,110,19,31,-15,41,28,50,36,39,36,52,58,70,77,79,70,115,104,114,62,97,80,104,57,76,69,68,48,50,35,38,33,32,0,0,-341,-334,-339,-349,-340,-312,-339,-338,-348,-322,-329,-267,-268,-265,-282,-234,-217,-207,-701,-700,-686,-616,-889,-881,-867,-299,-306,-304,-687,-469,-589,-486,-439,-311,-311,-313,-570,-707,-715,-482,-660,-329,-347,-235,-747,-733,-761,0,-1741,-751,-751,-642,-1366,-407,-407,-407,-407,-407,-407,-407,-1114,-1004,-29997,-29998]} 1. e4 e5 2. Nc3 Nf6 3. g3 Bc5 4. Bg2 Nc6 5. Nge2 d6 6. Na4 O-O 7. Nxc5 dxc5 8. d3 {C26: Vienna Game: 2...Nf6, sidelines .} (8. b3 $14 {feels stronger.}) 8... h6 ({Black should play} 8... c4 $11) 9. O-O {[#]} Qe7 $146 {[%cal Oc5c4]} ({Predecessor:} 9... Be6 10. f4 Bg4 11. h3 Bxe2 12. Qxe2 Qd6 13. Be3 Nd4 14. Qf2 b6 15. fxe5 Qxe5 {1-0 (97) Braun,I (1963)-Rissmann,U (1869) Playchess.com INT 2021}) 10. h3 {White is slightly better.} Rd8 {[%cal Oc5c4]} 11. b3 a5 12. a4 Nb4 13. f4 exf4 14. Nxf4 Ra6 (14... Qe5 $14 15. Rb1 Nc6) 15. Bb2 $16 Nc6 16. Rf2 (16. e5 $16 Nh7 17. Nd5) 16... Ne5 17. Qe2 Rad6 18. Raf1 (18. Nd5 $16 Nxd5 19. exd5) 18... c6 19. Bc3 b6 20. Nh5 Nxh5 21. Qxh5 f6 {[%cal Bf7f6,Bf6f5][%mdl 32]} 22. Bf3 Bd7 {[%cal Bc8d7,Bd7e8,Be8f7][%mdl 32]} 23. Kg2 Be8 24. Qh4 {[%mdl 8192] [#] White is on the road to losing.} (24. Qf5 $11) 24... g5 $1 $19 25. Qxh6 {[#] Hoping for h4.} f5 $1 26. Qxd6 Rxd6 (26... Qxd6 $2 {too greedy.} 27. Be2 fxe4 28. Rf5 exd3 29. Bxd3 Nxd3 30. Rxg5+ Kh7 31. Rg7+ Kh6 32. Rf6+ Qxf6 33. Bxf6) 27. exf5 {Black must now prevent Re2.} Nxf3 28. Rxf3 Bf7 {Strongly threatening ...Bd5.} 29. Kf2 Rd8 {Threatens to win with ...Qd7.} 30. Re1 Qd6 31. Rfe3 Qh6 32. g4 Rd4 33. Bxd4 $2 (33. Kg2) 33... cxd4 34. Rg3 Qd6 35. Re4 Bd5 36. Rxd4 c5 $2 (36... Qc5 37. c3 Qxc3 38. Rxd5 cxd5) 37. Rxd5 Qxd5 {[%mdl 4096] Endgame KQ-KR} 38. Re3 $2 (38. Rf3) 38... Qd4 39. Kf3 Qb2 40. Re2 Qc1 {aiming for ...Qf1+.} 41. Kg2 {To avoid Qf1+} Kf7 42. Kf2 $2 (42. Rf2) 42... Qh1 43. Kg3 Qf1 44. Rf2 Qd1 (44... Qg1+ $142 45. Rg2 Qe3+ 46. Kh2 Kf6) 45. Kg2 Kf6 46. Kg3 $2 (46. Kh2) 46... Qg1+ 47. Kf3 Ke5 $2 (47... Kf7 $19 48. f6 Kxf6 49. Ke2+ Ke5) 48. Rg2 $2 {[%mdl 8192]} (48. Ke2 $11 Kf6 49. c4) 48... Qh1 (48... Qf1+ $142 49. Rf2 Qxh3+ 50. Ke2 Qxg4+ 51. Kd2 Kf6) 49. Kg3 Qe1+ 50. Kf3 {Re2+ is the strong threat.} Kd4 (50... Qf1+ $142 51. Rf2 Qxh3+ 52. Ke2 Qxg4+ 53. Kd2 Kf6) 51. Rf2 Qh1+ 52. Ke2 Qxh3 53. f6 Qxg4+ 54. Kd2 (54. Rf3 $142 Qc8 55. f7) 54... Qg3 55. Ke1 Ke3 {Weighted Error Value: White=1.10/Black=0.77} 0-1

[Event "DSOL 2022"]
[Site "Germany"]
[Date "2022.02.03"]
[Round "1.1"]
[White "Stangl, Anita"]
[Black "Altenhof, Martin"]
[Result "1/2-1/2"]
[WhiteElo "1991"]
[BlackElo "2159"]
[Annotator "TA"]
[PlyCount "64"]
[EventDate "2022.01.31"]
[EventType "team-tourn"]
[EventCountry "GER"]
[SourceTitle "playchess.com"]
[Source "ChessBase"]
[SourceQuality "1"]
[WhiteTeam "Bayern München II Amazonen"]
[BlackTeam "SF Pfullingen I"]

{[%evp 12,64,40,5,19,18,58,13,79,76,93,70,115,50,88,82,175,125,167,89,477,456,431,193,178,152,143,0,0,0,0,0,0,0,0,0,0,0,0,0,14,14,6,-65,0,0,0,0,0,0,0,-29,51,69,138]} 1. e4 d6 2. Nf3 Nf6 3. Nc3 g6 4. d4 Bg7 5. Bf4 O-O 6. Qd2 c6 7. Bd3 b5 {B08: Pirc Defence: Classical System.} 8. O-O {[#]} a5 $146 ({Predecessor:} 8... Nbd7 9. e5 Ne8 10. Bh6 b4 11. Ne2 c5 12. exd6 exd6 13. dxc5 dxc5 14. c3 Rb8 15. Bxg7 Kxg7 16. cxb4 cxb4 {½-½ (56) Claro,R (1800)-Fernandes,B (1800) Taubate/Sao Paulo 2019}) 9. a3 (9. h3 $14) 9... Bb7 (9... Bg4 $1 $11 {keeps the balance.}) 10. e5 $16 dxe5 11. dxe5 Nd5 (11... Nh5 $14) 12. Bh6 (12. Nxd5 $16 Qxd5 13. Rad1) 12... Na6 13. Ne4 f6 (13... Bc8 $16) 14. c4 (14. Bxg7 $18 Kxg7 15. Rfe1) 14... Ndc7 (14... f5 $16) 15. Rad1 (15. exf6 $18 exf6 16. Rad1) 15... Qe8 $2 {[%mdl 8192] [#]} (15... f5 $16 {is tougher.}) 16. Bxg7 $18 Kxg7 17. Qxa5 (17. exf6+ $142 exf6 18. Nd6) 17... f5 18. Neg5 h6 {[#]} 19. Qb6 {White is much more active.} Rb8 $1 $11 20. cxb5 cxb5 21. Ne6+ Nxe6 22. Qxe6 {aiming for Rc1.} Nc5 {[%cal Ba6c5,Bc5e6,Be6d4][%mdl 32]} 23. Qa2 {And now Nd4 would win.} Bxf3 24. gxf3 Qc6 25. Be2 Rfd8 26. b4 $36 {[%mdl 2048] White has the initiative.} Ne6 27. Rc1 (27. Rxd8 $11 Nxd8 28. Qd2) 27... Qa6 ({Black should play} 27... Qd5 $1 $15 28. Qxd5 Rxd5) 28. Rfd1 Nd4 29. Kf1 Rb7 (29... Qb7 $5 {[%cal Rd4f3]}) 30. Rc5 Rbd7 31. Qb2 {[%cal Oe5e6]} e6 (31... Qe6 $11) 32. Qc3 $14 {[%cal Od1d4]} Qb6 {White really could win this.  Weighted Error Value: White=0.38/Black=0.51} ({Better is} 32... Nxe2 $14 33. Rxd7+ Rxd7 34. Kxe2 Qa4) 1/2-1/2

[Event "DSOL 2022"]
[Site "Germany"]
[Date "2022.02.03"]
[Round "1.2"]
[White "Koch, Moritz"]
[Black "Medvedovski, Michael"]
[Result "1/2-1/2"]
[WhiteElo "2256"]
[BlackElo "2058"]
[Annotator "TA"]
[PlyCount "137"]
[EventDate "2022.01.31"]
[EventType "team-tourn"]
[EventCountry "GER"]
[SourceTitle "playchess.com"]
[Source "ChessBase"]
[SourceQuality "1"]
[WhiteTeam "SK Herzogenaurach I"]
[BlackTeam "Frankfurter TV"]

{[%evp 9,137,0,12,-19,-20,-16,-27,-24,-22,-14,-4,-39,-42,-34,-10,-43,-46,-65,-39,-65,-37,-28,-31,-12,0,-54,39,39,39,0,0,0,8,-25,-27,-28,-23,-35,0,-53,-22,-54,-32,-51,-32,-65,-48,-62,0,0,0,-33,-9,-5,-14,-71,-75,-68,0,0,0,0,91,0,0,79,60,70,70,60,61,60,0,0,0,0,0,0,0,0,0,0,0,0,0,0,0,0,0,-469,-529,-1612,-1534,-2352,-1189,-29977,-29973,-29981,-29981,-29981,-29982,-29982,-29983,-29983,-29984,-29984,0,0,0,0,0,0,0,0,0,0,0,0,0,0,0,0,0,0,0,0,0,0,0,0]} 1. e4 c5 2. Nc3 Nc6 3. d3 e5 4. g3 d6 {[%cal Bd7d6,Bd6d5,Bd5d4][%mdl 32]} 5. Be3 Nf6 6. h3 {B23: Closed Sicilian: Lines without g3.} Be6 7. Bg2 d5 {[#] ...d4 is the strong threat.} 8. Bg5 $146 {Black has an edge.} ({Predecessor:} 8. exd5 Nxd5 9. Nge2 Nxe3 10. fxe3 Qd7 11. b3 Be7 12. Qd2 O-O 13. Ne4 f5 14. Nf2 {0-1 (29) Uricar,J (2185)-Kapusta,P (2115) Czech Republic 2018}) 8... d4 9. Nd5 Be7 10. Bxf6 Bxf6 11. c4 g6 (11... O-O {feels hotter.} 12. Nf3 Be7 13. a3 f6 14. h4 Qd7) 12. Nxf6+ Qxf6 13. Ne2 O-O 14. O-O Qe7 15. f4 f6 16. f5 Bf7 17. h4 (17. g4 $11) 17... g5 (17... gxf5 $15 18. Rxf5 a6) 18. hxg5 $14 fxg5 19. Qd2 g4 20. Qh6 {And now f6 would win.} Be8 21. a3 (21. f6 {looks sharper.} Qd7 22. Nf4 exf4 23. e5 f3 24. Rxf3 Nxe5 25. Re3) 21... Rf6 22. Qg5+ Qg7 23. Qxg7+ Kxg7 24. Rfb1 (24. Nc1 $11) 24... a5 (24... Rb8 $5 {[%cal Rb7b5]}) 25. Kf2 a4 26. b4 {To avoid Na5} axb3 {White must now prevent ...Na5.} 27. Rxb3 Na5 28. Rb2 b5 (28... Ba4 $15) 29. cxb5 $11 c4 30. Nc1 {Inhibits Nb3.} ({But not} 30. b6 Rb8 31. dxc4 Rfxb6 $19) 30... Rb6 {[%mdl 1024] Strongly threatening ...c3. Black has compensation.} 31. a4 c3 32. Rbb1 (32. Rb4 $1 $11) 32... Bf7 $17 33. Bf1 Nb7 ({Black should try} 33... h5 $15) 34. Be2 h5 35. Bd1 Ra5 {[#]} (35... Rh6 $11 {remains equal.}) 36. Bb3 (36. Na2 $1 $16) 36... Nc5 $11 37. Bxf7 (37. Kf1 $11) 37... Kxf7 $16 38. Nb3 Rxa4 (38... Nxd3+ $2 39. Ke2 c2 40. Nxa5 $18) 39. Nxc5 Rxa1 40. Rxa1 Rxb5 $14 {[%mdl 4096] Endgame KRN-KR} 41. Na4 Ra5 42. Ke2 Kf6 43. Ra2 {[%cal Oa4c3] Hoping for Nxc3!} Rb5 44. Ra1 Ra5 45. Kd1 Kg5 46. Kc2 Ra7 47. Kb3 h4 48. gxh4+ Kxh4 49. Kc4 $2 {[%mdl 8192]} (49. Rh1+ $11 Kg3 50. Rh5) 49... g3 $19 50. f6 g2 {[%cal Oa7a4] Prevents Rh1+. aiming for ...Rxa4+!} 51. f7 Rxf7 52. Rg1 Kg3 53. Nxc3 dxc3 54. Kxc3 {KR-KR} Kf2 55. Ra1 g1=Q 56. Rxg1 Kxg1 57. d4 exd4+ $2 (57... Kf2 {mates} 58. Kc4 Ke3 59. d5 Kxe4 60. Kc5 Rd7 61. d6 Kf5 62. Kc6 Ke6 63. Kc5 Rxd6 64. Kb4 e4 65. Kc3 e3 66. Kc4 e2 67. Kb4 e1=Q+ 68. Kc5 Qc3+ 69. Kb5 Qd4 70. Ka5 Qb2 71. Ka4 Ra6#) 58. Kxd4 $11 {KR-KP. The position is equal.} Kf2 59. e5 {[%cal Be4e5,Be5e6,Be6e7][%mdl 32]} Kf3 60. e6 Ra7 61. Ke5 Kg4 {( -> ...Kg5)} 62. Kf6 Ra6 63. Kf7 Kf5 64. e7 Rf6+ 65. Kg7 Rg6+ 66. Kf7 Rf6+ 67. Kg7 Re6 68. Kf7 Rxe7+ 69. Kxe7 {Black had all chances to win.  Weighted Error Value: White=0.50/Black=0.21 (precise)} 1/2-1/2

[Event "DSOL 2022"]
[Site "Germany"]
[Date "2022.02.03"]
[Round "1.2"]
[White "Einwiller, Bernd"]
[Black "Spiel, Marianne"]
[Result "1/2-1/2"]
[WhiteElo "2160"]
[BlackElo "1919"]
[Annotator "TA"]
[PlyCount "51"]
[EventDate "2022.01.31"]
[EventType "team-tourn"]
[EventCountry "GER"]
[SourceTitle "playchess.com"]
[Source "ChessBase"]
[SourceQuality "1"]
[WhiteTeam "SF Pfullingen I"]
[BlackTeam "Bayern München II Amazonen"]

{[%evp 13,51,0,0,0,20,12,16,29,26,27,19,14,26,25,47,25,32,9,35,7,10,8,8,8,11,0,0,0,0,0,0,-9,-8,-10,0,0,0,-26,-39,-41]} 1. c4 Nf6 2. Nc3 e6 3. e4 d5 4. exd5 exd5 5. d4 Be7 6. Nf3 O-O 7. h3 Re8 8. Be3 {C01: French: Exchange Variation.} c6 9. Bd3 Nbd7 {[#]} 10. cxd5 $146 {The position is equal.} ({Predecessor:} 10. O-O dxc4 11. Bxc4 Nb6 12. Bb3 Nfd5 13. Qd3 g6 14. Rfe1 Bf5 15. Qd2 Nxe3 16. Rxe3 {0-1 (51) Becker,W (1625)-Welz,P (2174) Leutersdorf 2003}) 10... Nxd5 11. Nxd5 cxd5 12. O-O Nf6 13. Qb3 h6 14. Rac1 Bd6 15. Rfe1 Re7 16. Bd2 Be6 17. Bb4 Bxb4 18. Qxb4 Rc7 19. Nd2 Rac8 20. Nb3 b6 21. Rxc7 Rxc7 22. Rc1 Rxc1+ 23. Nxc1 Qc8 24. Ne2 Bf5 25. Qb5 Bxd3 26. Qxd3 {Weighted Error Value: White=0.08 (flawless) /Black=0.05 (flawless)} 1/2-1/2